| 000 | 004110000a22001570004500 | ||
|---|---|---|---|
| 001 | 002657 | ||
| 003 | MACL | ||
| 040 | _aMACL | ||
| 090 |
_c14650 _d14649 |
||
| 100 | _aRaju, A.A.N. | ||
| 245 |
_aNational Bibliographical Control: Problems and Perspectives _bEssays for A.K. Dasgupta _cA.A.N. Raju |
||
| 260 |
_aAllied Publishers Pvt. Limited, _c2003 |
||
| 350 | _a380 | ||
| 650 | _aLiterature | ||
| 942 |
_k25 _cBook |
||
| 999 |
_c14566 _d14566 |
||